Mistrzowie Serie A - Statystyki

Ogólne statystyki
  • Ten quiz został rozwiązany 881 razy
  • Średni wynik to 9 z 17
Statystyki odpowiedzi
Miejsce Drużyna Liczba mistrzostw % Poprawnych
3 AC Milan 19
99%
2 Inter Mediolan 20
99%
1 Juventus F.C. 36
99%
8 SSC Napoli 3
92%
8 AS Roma 3
84%
10 S.S. Lazio 2
75%
10 ACF Fiorentina 2
63%
5 FC Torino 7
59%
5 FC Bologna 7
52%
4 Genoa CFC 9
49%
12 UC Sampdoria 1
42%
12 Hellas Verona 1
41%
12 Cagliari Calcio 1
24%
12 Spezia Calcio 1
12%
5 Pro Vercelli 7
5%
12 AS Casale 1
1%
12 U.S.D. Novese 1
1%
Nie znaleziono quizów pasujących do podanych kryteriów
Rozkład punktacji
Procent ludzi z każdym wynikiem
Percentyl według liczby udzielonych odpowiedzi
Twoja historia wyników
Nie rozwiązałeś tego quizu